000 00537nam a2200181 i 4500
001 bg
245 1 0 _aAktualne przepisy w ochronie środowiska /
_cAgencja Ochrony Środowiska w Koszalinie.
250 _aStan prawny na dzień 31 lipca 1995 r.
260 _aKoszalin :
_bAOŚ,
_c1995.
300 _a142 s. ;
_c30 cm.
650 9 _aŚrodowisko człowieka
_xochrona
_xprawo
710 0 0 _aAgencja Ochrony Środowiska
040 _cBPK
041 0 _apl
080 _a504:349.6
942 _cKS
008 s pl f |000 0 pol
999 _c30503
_d30503
856 _uhttp://koha.tu.koszalin.pl/cgi-bin/koha/opac-detail.pl?biblionumber=30503
_yKatalog online BPK